000 00542nam a22002057a 4500
003 OSt
005 20140310183041.0
008 130222t xxu||||| |||| 00| 0 eng d
020 _a9710868977
050 _aGV 205
_b.T917 2008
082 _aFIL 976.323
_bT917 2008
245 _aPHYSICAL EDUCATION 4 FOR COLLEGE
_cTulio, Doris D.
260 _aMandaluyong City
_bNational Book Store
_c2008
300 _a81p.
_c25 cm
521 _acollege students
526 _c1210L-1700L
541 _j1
562 _e3
942 _2lcc
_cBK
_kFIL
999 _c18538
_d18538